|
|
|
|
| LEADER |
00000nam a2200000 a 4500 |
| 001 |
vtls008302992 |
| 003 |
SK-MaSNL |
| 005 |
20260302074208.0 |
| 008 |
251031s2005 xo g 000 f slo |
| 015 |
|
|
|a SNBA2006/01-00588
|
| 020 |
|
|
|a 8085585626
|q (viaz.)
|c 185,00 Sk
|
| 035 |
|
|
|a E4CF9326-A71F-42D9-BD8F-E5CA1ADA24BE
|
| 035 |
|
|
|a urn:nbn:sk:snk-amlgb2
|
| 035 |
|
|
|a urn:nbn:sk:snk-am0093nt
|
| 040 |
|
|
|a SNK
|b slo
|c SNK
|e AACR2
|
| 041 |
1 |
|
|a slo
|h eng
|
| 044 |
|
|
|a xo
|c SK
|
| 072 |
|
7 |
|a 821.111-3
|x Anglická próza, anglicky písaná
|2 konspekt
|
| 080 |
|
|
|a (0:82-311.9)
|2 MDT-MRF
|
| 080 |
|
|
|a 821.111-31
|2 MDT-MRF
|
| 100 |
1 |
|
|a Orwell, George,
|d 1903-1950
|4 aut
|9 92374
|
| 240 |
1 |
0 |
|a Nineteen Eighty-Four
|l Slovensky
|
| 245 |
1 |
0 |
|a 1984
|c George Orwell; preložil Juraj Vojtek
|
| 246 |
3 |
|
|a Tisícdeväťstoosemdesiatštyri
|
| 250 |
|
|
|a [1. vyd.]
|
| 260 |
|
|
|a Bratislava
|b Petit Press
|c 2005
|
| 300 |
|
|
|a 381 s.
|c 21 cm
|
| 490 |
1 |
|
|a Svetová knižnica SME
|v 49
|
| 650 |
0 |
7 |
|a totalitarizmus
|2 SNKPH
|9 3784
|
| 655 |
|
7 |
|a anglické romány
|2 SNKPH
|9 70428
|
| 655 |
|
7 |
|a vedecko-fantastické romány
|2 SNKPH
|9 70221
|
| 700 |
1 |
|
|a Vojtek, Juraj,
|d 1936-2016
|4 trl
|9 195147
|
| 830 |
|
0 |
|a Svetová knižnica SME
|9 304981
|
| 919 |
|
|
|a 80-85585-62-6
|
| 958 |
|
|
|a OND
|
| 968 |
|
|
|b ENG
|d 821
|
| 999 |
|
|
|c 1164060
|d 1165990
|
| 952 |
|
|
|a SNK
|b SNKPULT
|y VYP
|7 0
|p 17A0485409
|o snkSC 121495 D1
|i snk2005/17088
|8 0
|0 0
|1 0
|2 udc
|4 0
|d 2005-10-14
|l 1
|m 1
|q 2026-06-03
|r 2026-04-01 16:36:30
|s 2026-04-01
|w 2026-02-24
|
| 952 |
|
|
|a SNK
|b SNK
|y PREZ
|7 0
|p 17A0485410
|o snkSC 121495
|i snk2005/17085
|8 0
|0 0
|1 0
|4 0
|d 2005-10-14
|f 1
|l 0
|r 2025-06-02 00:00:00
|w 2026-02-24
|